| 000 | 00749nam a22002057a 4500 | ||
|---|---|---|---|
| 003 | 0 | ||
| 005 | 20250828142517.0 | ||
| 008 | 250828b xxu||||| |||| 00| 0 eng d | ||
| 020 | _a978-1-350-51301-3 | ||
| 050 |
_aNK 1390 _b.D47 2025 |
||
| 245 |
_aDesign and agency : _bcritical perspectives on identities, histories, and practices / _cedited by John Potvin and Marie-Eve Marchand. |
||
| 260 |
_aLondon : _bBloomsbury Visual Arts, _c2025. |
||
| 300 |
_axxi, 304 pages : _bcolored illustrations ; _c24 cm. |
||
| 504 | _aIncludes bibliographical references and index. | ||
| 650 |
_aDesign _xSocial aspects. |
||
| 650 |
_aDesign _xPhilosophy. |
||
| 650 | _aIdentity (Philosophical concept) in design. | ||
| 650 | _aCritical theory. | ||
| 942 |
_2lcc _cBK |
||
| 999 |
_c367665 _d367665 |
||